ბათუმის შოთა რუსთაველის სახელმწიფო უნივერსიტეტის ბიბლიოთეკა

გერმანული ენის გრამატიკა = Grammatik der deutschen Sprache : 4 წიგნად. წ.3: სინტაქსი I. (ბიბ.ჩანაწერი № 51237)

000 -LEADER
fixed length control field 00994nam a2200241Ia 4500
001 - CONTROL NUMBER
control field 18197
003 - CONTROL NUMBER IDENTIFIER
control field GE_BSU
008 - FIXED-LENGTH DATA ELEMENTS--GENERAL INFORMATION
fixed length control field 181216s||||||||xx |||||||||||||| ||und||
020 ## - INTERNATIONAL STANDARD BOOK NUMBER
International Standard Book Number 978-9941-13-145-5
040 ## - CATALOGING SOURCE
Transcribing agency GE_BSU
100 ## - MAIN ENTRY--PERSONAL NAME
Personal name ანდრაზაშვილი,მარინა
245 ## - TITLE STATEMENT
Title გერმანული ენის გრამატიკა = Grammatik der deutschen Sprache : 4 წიგნად. წ.3: სინტაქსი I.
250 ## - EDITION STATEMENT
Edition statement მე-2 გადამუშავებული და გავრცობილი გამოცემა
260 ## - PUBLICATION, DISTRIBUTION, ETC.
Place of publication, distribution, etc. თბილისი
260 ## - PUBLICATION, DISTRIBUTION, ETC.
Name of publisher, distributor, etc. თბილისის უნ-ტის გამ-ბა
260 ## - PUBLICATION, DISTRIBUTION, ETC.
Date of publication, distribution, etc. 2009
300 ## - PHYSICAL DESCRIPTION
Extent გვ. 979-1306.;27სმ.
300 ## - PHYSICAL DESCRIPTION
Accompanying material დანართი: გვ. 1303-1305.
653 ## - INDEX TERM--UNCONTROLLED
Uncontrolled term Grammatik der deutschen Sprache
653 ## - INDEX TERM--UNCONTROLLED
Uncontrolled term გერმანული ენის გრამატიკა
942 ## - ADDED ENTRY ELEMENTS (KOHA)
Koha item type წიგნი
ეგზემპლარები
Withdrawn status Lost status Damaged status Not for loan Date acquired Barcode Date last seen Price effective from Koha item type
        2018-12-17 46373 2018-12-17 2018-12-17 წიგნი